000 00973nam0a22002651 4500
001 rc\716631
005 20031121172719.9
010 _a5-89602-003-1
_95000
035 _a(NLR Aleph) 005960040
090 _a6841851
_c6841851
100 _a20031121d1997 u |0rusy50 ca
101 0 _arus
102 _aRU
105 _aa |||||||||
200 1 _aЗадачи и упражнения по математическому анализу для втузов
_e[Учеб. пособие
_fГ.С. Бараненков и др.]
_gПод ред. Б.П. Демидовича
205 _a11-е изд., стер.
210 _aМ.
_cИнтеграл-пресс
_d1997
215 _a416 с.
_cил.
_d22
702 1 _aДемидович
_bБ. П.
_gБорис Павлович
_4340
702 1 _aБараненков
_bГ. С.
_gГеоргий Сергеевич
_4220
801 0 _aRU
_bNLR
_gpsbo
801 1 _aRU
_bELAR
_2rusmarc
852 _aNLR
_j97-5/3036
942 _cBOOK
980 _aNB